000
00261nam a2200097Ia 4500
001
696133
005
20250826162007.0
008
250824s9999 xx 000 0 und d
245
0
_a
SCHRÖDINGERİN KEDİSİ 2 RÜYA/A.ALATLI/EVEREST
_c
ALEV ALATLI
260
_b
EVEREST
999
_c
696133
_d
696133